书目信息 |
| 题名: |
娑萨朗
|
|
| 作者: | 雪漠 著 | |
| 分册: | Ⅰ 星光中的力士 | |
| 出版信息: | 北京 作家出版社有限公司 2024.04 |
|
| 页数: | 16,442页 | |
| 开本: | 21cm | |
| 丛书名: | ||
| 单 册: | ||
| 中图分类: | I227.3 | |
| 科图分类: | ||
| 主题词: | 叙事诗--诗集--中国--当代 | |
| 电子资源: | ||
| ISBN: | 978-7-5212-2532-7 | |
| 000 | 00856nam0 2200241 450 | |
| 001 | 0100084052 | |
| 005 | 20250617163214.83 | |
| 010 | @a978-7-5212-2532-7@dCNY73.25 | |
| 100 | @a20240607d2024 em y0chiy50 ea | |
| 101 | 0 | @achi |
| 102 | @aCN@b110000 | |
| 105 | @ay z 000gy | |
| 106 | @ar | |
| 200 | 1 | @a娑萨朗@9suo sa lang@hⅠ@i星光中的力士@b专著@f雪漠著 |
| 210 | @a北京@c作家出版社有限公司@d2024.04 | |
| 215 | @a16,442页@d21cm | |
| 330 | @a本书为第一至第十乐章,主要内容包括:奶格玛说;命宫;女神;失联;天斗;寂天;兜率天;胜乐郎;迎娶;麻风;诺言;幻化郎的时空;一个肉体两个灵魂;星光中的力士;天上的故事;帝释天;大梦;泥婆罗;忘年之交等。 | |
| 333 | @a诗歌爱好者 | |
| 606 | 0 | @a叙事诗@x诗集@y中国@z当代 |
| 690 | @aI227.3@v5 | |
| 701 | 0 | @a雪漠@9xue mo@f(1963-)@4著 |
| 801 | 0 | @aCN@b人天书店@c20250616 |
| 905 | @b1624407@dI227.3@e953:1@f1 | |
| 娑萨朗.Ⅰ.星光中的力士/雪漠著.-北京:作家出版社有限公司,2024.04 |
| 16,442页;21cm |
| 使用对象:诗歌爱好者 |
| ISBN 978-7-5212-2532-7:CNY73.25 |
| 本书为第一至第十乐章,主要内容包括:奶格玛说;命宫;女神;失联;天斗;寂天;兜率天;胜乐郎;迎娶;麻风;诺言;幻化郎的时空;一个肉体两个灵魂;星光中的力士;天上的故事;帝释天;大梦;泥婆罗;忘年之交等。 |
| ● |
| 相关链接 |
|
|
|
|
正题名:娑萨朗
索取号:I227.3/953:1
 
预约/预借
| 序号 | 登录号 | 条形码 | 馆藏地/架位号 | 状态 | 备注 |
| 1 | 1624407 | 216244071 | 第一样本阅览室/ [索取号:I227.3/953:1] | 在馆 |